SPFL Captains Quiz - Statistics

General Stats
  • This quiz has been taken 33 times
  • The average score is 7 of 12
Answer Stats
Team Captain % Correct
Celtic Callum Mcgregor
100%
Rangers James Tavernier
93%
Hearts Lawrence Shankland
89%
Aberdeen Graeme Shinnie
85%
Motherwell Paul Mcginn
59%
St Mirren Mark O'Hara
44%
Dundee Simon Murray
44%
Hibernian Joe Newell
41%
Falkirk Coll Donaldson
33%
Dundee United Ross Graham
26%
Kilmarnock Brad Lyons
19%
Livingston Ryan Mcgowan
19%
No matching quizzes found
Score Distribution
Percent of People with Each Score
Percentile by Number Answered
Your Score History
You have not taken this quiz